000 01661cam a22003494a 4500
005 20260322212017.0
008 data
010 _a 2006009093
020 _a9780976605423 (alk. paper)
020 _a0976605422 (alk. paper)
040 _aDLC
_cDLC
_dDLC
042 _apcc
043 _an-us-ny
050 0 0 _aHV9306.N6
_bJ55 2006
082 0 0 _a365/.66
_222
096 _aWM 450 J55 2006
100 1 _aJiler, James,
_d1959-
245 1 0 _aDoing time in the garden :
_blife lessons through prison horticulture /
_cJames Jiler.
260 _aOakland, Calif. :
_bNew Village Press,
_cc2006.
300 _a176 p. :
_bill. (chiefly col.) ;
_c24 cm.
500 _aIncludes index.
505 0 _aForeword / by Anthony R. Smith -- Foreword / by Michael Jacobson -- Preface -- The longest bridge -- Horticulture as therapy -- Jail and community -- Starting and expanding a horticultural program -- Design : transforming the prison landscape -- The science of gardening -- Building curriculum -- Aftercare : breaking the cycle -- The greenteam : growing roots in the community.
610 2 0 _aHorticultural Society of New York.
650 0 _aCriminals
_xRehabilitation
_zNew York
_zNew York
_vCase studies.
650 0 _aCriminals
_xRehabilitation
_zRikers Island.
_zRikers Island.
650 0 _aGardening
_xTherapeutic use
_zRikers Island.
_zRikers Island.
650 0 _aHorticulture
_xStudy and teaching
_zRikers Island.
_zRikers Island.
650 0 _aPrisoners
_xEducation
_zRikers Island.
_zRikers Island.
650 0 _aRecidivism
_zNew York
_zNew York
_xPrevention.
856 4 1 _3Table of contents only
_uhttp://www.loc.gov/catdir/toc/ecip0610/2006009093.html
001 data
999 _c369
_d369